MARC-Details
| 000 -Satzkennung |
| Kontrollfeld mit fester Länge |
01423nam a2200433 4500 |
| 001 - Kontrollnummer |
| Kontrollfeld |
1479663867 |
| 003 - Kontrollnummer Identifier |
| Kontrollfeld |
DE-627 |
| 005 - Datum und Zeit der letzten Transaktion |
| Kontrollfeld |
20220511173152.0 |
| 007 - Feld mit fester Länge zur physischen Beschreibung - Allgemeine Information |
| Kontrollfeld mit fester Länge |
tu |
| 008 - Feld mit fester Länge zur physischen Beschreibung - Allgemeine Angaben |
| Kontrollfeld mit fester Länge |
140716s1962 xx ||||| 00| ||rum c |
| 035 ## - Systemkontrollnummer |
| System-Kontrollnummer |
(DE-627)1479663867 |
| 035 ## - Systemkontrollnummer |
| System-Kontrollnummer |
(DE-576)409663867 |
| 035 ## - Systemkontrollnummer |
| System-Kontrollnummer |
(DE-599)BSZ409663867 |
| 035 ## - Systemkontrollnummer |
| System-Kontrollnummer |
(OCoLC)885416251 |
| 040 ## - Katalogisierungsquelle |
| Original-Katalogisierungsstelle |
DE-627 |
| Katalogisierungssprache |
ger |
| Übertragungsstelle |
DE-627 |
| 041 ## - Sprachcode |
| Sprachcode des Textes/der Tonspur oder des separaten Titels |
rum |
| 100 1# - Haupteintragung - Personenname |
| Personenname |
Bezymenskij, Lev A. |
| Datumsangaben in Verbindung mit einem Namen |
1920-2007 |
| IDN des Normdatensatzes oder Standardnummer |
(DE-588)121861651 |
| -- |
(DE-627)081583184 |
| -- |
(DE-576)160284201 |
| Funktionsbezeichnungscode |
aut |
| Funktionsbezeichnung |
Verfasser |
| Koha-Normdatenidentnummer |
6485 |
| 240 10 - Einheitstitel |
| Einheitstitel |
Germanskie generaly s Gitlerom i bez nego <rumän.> |
| 245 10 - Titel |
| Titel |
Generalii germani cu şi fără Hitler |
| Verfasserangabe etc. |
L. A. Bezimenski |
| 264 #1 - Produktion, Veröffentlichung, Distribution, Herstellung und Urheberrechtsvermerk |
| Herstellungs-, Veröffentlichungs- Vertriebs-, Erzeugungsort |
Bucureşti |
| Produzent, Herausgeber, Distributor, Hersteller |
Ed. Ştiinţifică |
| Datum der Herstellung, der Veröffentlichung, des Vertriebs oder des Urheberschutzvermerks |
1962 |
| 300 ## - Physische Beschreibung |
| Umfang |
543 Seiten : |
| Andere physische Details |
Illustrationen |
| 336 ## - Inhaltstyp |
| Inhaltstypterm |
Text |
| Inhaltstypcode |
txt |
| Quelle |
rdacontent |
| 337 ## - Medientyp |
| Bezeichnung des Medientyps |
ohne Hilfsmittel zu benutzen |
| Medientypcode |
n |
| Quelle |
rdamedia |
| 338 ## - Datenträgertyp |
| Datenträgertypbezeichnung |
Band |
| Datenträgertypcode |
nc |
| Quelle |
rdacarrier |
| 610 #7 - Nebeneintragung unter einem Schlagwort - Körperschaftsname |
| Quelle der Ansetzung oder des Terms |
gnd |
| Körperschafts- oder Gebietskörperschaftsname als Eintragungselement |
Deutsches Reich. Wehrmacht |
| Koha-Normdatenidentnummer |
1063 |
| 610 #7 - Nebeneintragung unter einem Schlagwort - Körperschaftsname |
| Quelle der Ansetzung oder des Terms |
gnd |
| Körperschafts- oder Gebietskörperschaftsname als Eintragungselement |
Deutschland (Bundesrepublik). Bundeswehr |
| Koha-Normdatenidentnummer |
1064 |
| 648 ## - Nebeneintragung unter einem Schlagwort - Zeitschlagwort |
| Zeitschlagwort |
1919-1964 |
| Koha-Normdatenidentnummer |
6486 |
| 650 #7 - Nebeneintragung unter einem Schlagwort - Sachschlagwort |
| Quelle der Ansetzung oder des Terms |
gnd |
| Sachschlagwort oder geografischer Name als Eintragungselement |
Generalstab |
| Koha-Normdatenidentnummer |
6487 |
| 650 #7 - Nebeneintragung unter einem Schlagwort - Sachschlagwort |
| Quelle der Ansetzung oder des Terms |
gnd |
| Sachschlagwort oder geografischer Name als Eintragungselement |
Internationale Politik |
| Koha-Normdatenidentnummer |
359 |
| 650 #7 - Nebeneintragung unter einem Schlagwort - Sachschlagwort |
| Quelle der Ansetzung oder des Terms |
gnd |
| Sachschlagwort oder geografischer Name als Eintragungselement |
Weltkrieg <1939-1945> |
| Koha-Normdatenidentnummer |
385 |
| 651 #7 - Nebeneintragung unter einem Schlagwort - Geografischer Name |
| Quelle der Ansetzung oder des Terms |
gnd |
| Geografischer Name |
Deutschland |
| Koha-Normdatenidentnummer |
80 |
| 651 #7 - Nebeneintragung unter einem Schlagwort - Geografischer Name |
| Quelle der Ansetzung oder des Terms |
gnd |
| Geografischer Name |
Deutschland (Bundesrepublik) |
| Koha-Normdatenidentnummer |
152 |
| 651 #7 - Nebeneintragung unter einem Schlagwort - Geografischer Name |
| Quelle der Ansetzung oder des Terms |
gnd |
| 942 ## - Zusätzliche Felder (Koha) |
| Klassifikation oder Aufstellungssystematik |
Andere/Generische Klassifikation |
| Koha-Medientyp |
Monographien |